000 00515nam a22001577a 4500
999 _c535492
_d535492
020 _qHard Cover.
082 _a624.1
100 _aAhmad, Zubair
245 _aBIM driven project risk management: a causal evolution /
_cZubair Ahmad.
260 _aIslamabad:
_bNIT NUST,
_c2017.
300 _a66 p. :
_bill. ;
_c30cm.
942 _2ddc
_cTHE
650 _aConstruction Engineering and Management MS-Thesis.
_917023
700 _aDr. Muhammad Jamaluddin
_929091